000 01025nam a2200301Ia 4500
005 20220317001109.0
007 ta
008 210809r19942006ck a er 000 0 spa d
020 _a9583010901
020 _a9789583010903
040 _aCO-BoRNBP
_bspa
_erda
_cCO-BoRNBP
082 0 4 _a797.21
_bP27na
_222
100 1 _aPerea Rosero, Tucídides
_d1933-
245 1 0 _aNatación II
_bpolo acuático y nado sincronizado
_cTucídides Perea Rosero
250 _aPrimera edición, segunda edición
264 _aBogotá
_bPanamericana Editorial
_c1994
_c2006
300 _a318 páginas
_bilustraciones
_c16 cm
336 _atexto
_btxt
_2rdacontent
337 _asin mediación
_bn
_2rdamedia
338 _avolumen
_bnc
_2rdacarrier
490 _aReglamento oficial ilustrado
521 _aRecomendado para un público adulto
650 1 4 _aNatación
_xReglamentos
_2LEMB
650 1 4 _aNatación
_xEnseñanza
_2LEMB
650 1 4 _aNatación
_xTécnicas
_2LEMB
650 1 4 _aDeportes náuticos
_xReglamentos
_2LEMB
942 _2ddc
_cBK
999 _c5916
_d5916